01666cam a22003131 4500001001300000003000400013005001700017008004100034010001700075035001900092040005600111050002200167051002600189051002400215110004100239245003600280260004800316300001500364490011600379500015200495500008400647500037600731500001201107650004601119700003601165700004001201700003901241810007201280e 26000332 DLC20260227111217.0771129s1917 dcu f000 0 eng c ae 26000332  a(OCoLC)3452350 aU.S. Office of Education. LibrarycDNIEdOCoLCdDLC00aL111b.A6 subser. aLA226b.A26c2nd set. aLA226b.A26 Changes2 aUnited States.bOffice of Education.10aAccredited higher institutions. aWashington,bU.S. Govt. Print. Off.,c1917- av.c25 cm.1 aBulletin, 1917, no. 17; 1922, no. 30; 1926, no. 10; 1927, no. 41; 1929, no. 7; 1930, no. 19; 1934, no. 16, etc. aAt head of title, 1917- : Dept. of the interior. Bureau of education. 1929/30- : United States. Dept. of the interior... Office of education... aBulletin, 1917, by S.P.Capen; 1922, by G.F. Zook; 1926- by Ella B. Ratcliffe. aSupplemented by: "Changes in the accredited lists of national and regional associations, 1930-[1933] ..." (3 v. ; 24 cm.) Published: [Washington, 1931-1933] (Bulletin, 1930, no. 19. Supplement no. 1-3) At head of title: United States Dept. of the Interior. Office of Education ... Reproduced from type-written copy. Title varies slightly. Call number: LA226.A26 Changes. aSerial. 0aUniversities and collegeszUnited States.1 aCapen, Samuel Paul,d1878-1956.1 aZook, George Frederick,d1885-1951.1 aRatcliffe, Ella B.q(Ella Burgess)1 aUnited States.bOffice of Education.tBulletin 1917 ;vno. 17, etc.